Online
Catalog

Presupuestos : (Record no. 25618)

MARC details
000 -CABECERA
campo de control de longitud fija 00969nam a2200241 a 4500
001 - NÚMERO DE CONTROL
campo de control 000026126
005 - FECHA Y HORA DE LA ÚLTIMA TRANSACCIÓN
campo de control 20200930024326.0
008 - DATOS DE LONGITUD FIJA--INFORMACIÓN GENERAL
campo de control de longitud fija 110301s1972 mx r 001 0 spa d
040 ## - FUENTE DE LA CATALOGACIÓN
Centro catalogador/agencia de origen DO-SdBNP
Lengua de catalogación spa
Centro/agencia transcriptor BNPHU
041 17 - CÓDIGO DE LENGUA
Código de lengua del texto/banda sonora o título independiente spa
Código de lengua original eng
Fuente del código Código de idiomas MARC
082 ## - NÚMERO DE LA CLASIFICACIÓN DECIMAL DEWEY
Número de clasificación 658.153
Número de documento/Ítem W458p
049 ## - FONDOS LOCALES (OCLC)
Fondos de biblioteca BNGR
100 1# - ENTRADA PRINCIPAL--NOMBRE DE PERSONA
Nombre de persona Welsch, Glenn A.
9 (RLIN) 48404
240 10 - TÍTULO UNIFORME
Título uniforme Budgeting: Profit planning and control.
Lenguaje de la obra Español
245 10 - MENCIÓN DE TÍTULO
Título Presupuestos :
Resto del título planificación y control de las utilidades /
Mención de responsabilidad, etc. Glenn A. Welsch ; traducción de Manuel de J. Fernández Cepero.
260 ## - PUBLICACIÓN, DISTRIBUCIÓN, ETC.
Lugar de publicación, distribución, etc. México, D. F. :
Nombre del editor, distribuidor, etc. Centro Regional de Ayuda Técnica. Agencia para el Desarrollo Internacional,
Fecha de publicación, distribución, etc. 1972.
300 ## - DESCRIPCIÓN FÍSICA
Extensión 696 p. ;
Dimensiones 23 cm.
534 ## - NOTA SOBRE LA VERSIÓN ORIGINAL
Encabezamiento principal del original Título de esta obra en inglés :
Mención de título del original Budgeting: Profit planning and control
500 ## - NOTA GENERAL
Nota general Incluye índice.
650 #4 - PUNTO DE ACCESO ADICIONAL DE MATERIA--TÉRMINO DE MATERIA
Término de materia o nombre geográfico como elemento de entrada Presupuesto (empresa privada)
9 (RLIN) 53089
650 #4 - PUNTO DE ACCESO ADICIONAL DE MATERIA--TÉRMINO DE MATERIA
Término de materia o nombre geográfico como elemento de entrada Política financiera
9 (RLIN) 47042
700 1# - PUNTO DE ACCESO ADICIONAL--NOMBRE DE PERSONA
Nombre de persona Fernández Cepero, J.,
Término indicativo de función/relación tr.
9 (RLIN) 53090
Holdings
Estado de retiro Estado de pérdida Restricciones de uso No para préstamo Código de colección Localización permanente Ubicación/localización actual Ubicación en estantería Fecha de adquisición Número de inventario Total de préstamos Signatura topográfica completa Código de barras Fecha visto por última vez Precio válido a partir de Tipo de ítem Koha
        Monografías: Libros y Folletos General General En catalogación 01.03.2011 LF1   658.153 W458p 26126-10 25.06.2020 25.06.2020 Préstamo en sala

Powered by Koha